LEADER 00915nam0-22003131i-450- 001 990002509010403321 010 $a0201544059 035 $a000250901 035 $aFED01000250901 035 $a(Aleph)000250901FED01 035 $a000250901 100 $a20000920d1990----km-y0itay50------ba 101 0 $aENG 200 1 $aUnderstanding statistical process control$fDonald J. Wheeler, David S. Chambers 210 $aWokingham (UK)$cAddison-Wesley$d1990 215 $aX, 340 p.$d23 cm 610 0 $aStatistica aziendale 610 0 $aControllo di qualità e affidabilità 676 $a658 700 1$aWheeler,$bDonald J.$027497 702 1$aChambers,$bDavid Smith 801 0$aIT$bUNINA$gRICA$2UNIMARC 901 $aBK 912 $a990002509010403321 952 $aXVII-C-15$b1471$fMAS 959 $aMAS 996 $aUnderstanding statistical process control$9440117 997 $aUNINA DB $aING01 LEADER 04430oam 2200673 c 450 001 996445850803316 005 20240403203034.0 010 $a3-8394-5024-1 024 3 $a9783839450246 035 $a(CKB)4970000000171252 035 $a(transcript Verlag)9783839450246 035 $a(DE-B1597)563013 035 $a(OCoLC)1280945267 035 $a(DE-B1597)9783839450246 035 $a(EXLCZ)994970000000171252 100 $a20220221d2021 uy 0 101 0 $ager 135 $aurnnunnnannuu 181 $ctxt$2rdacontent 182 $cc$2rdamedia 183 $acr$2rdacarrier 200 00$aAutonome Autos$eMedien- und kulturwissenschaftliche Perspektiven auf die Zukunft der Mobilita?t$fFlorian Sprenger 205 $a1st ed. 210 $aBielefeld$ctranscript Verlag$d2021 215 $a1 online resource (430 p.)$c638 MB 29 SW-Abbildungen 225 0 $aDigitale Gesellschaft$v32 327 $aFrontmatter 1 Inhalt 5 Autonome Automobilita?t 9 Hybride Kontrolle 85 Vom individuellen Autofahren zu Mobilita?tsgemeinschaften 117 Auto-Mobilita?tsmanagement? 147 Das Automobil als Sehmaschine 167 Achtung! Hunde auf der Fahrbahn 187 Simulierte Unfa?lle 211 Die Fußga?nger:innen der autonomen Kraftfahrzeuge 229 Fahren und Kontrollieren 259 »Nahtlose Autonomie« 283 Kranke Karten und elektronische Horizonte 315 Assistenz fu?r wen? 339 Bildschirm-Kamera-Autos 359 Vom Fahrzeug zum Fahrding 377 Feindfahrt mit Aufklebern 403 Autorinnen und Autoren 425 330 $aVerkehr ist Kultur. Er bestimmt daru?ber, was sich wo und auf welchen Wegen befindet, wer aufeinandertrifft und wer nicht - er bildet die Grundlage der Netzwerke, die Menschen und Dinge miteinander eingehen. Mit der Automatisierung des Verkehrs, der Etablierung von Fahrassistenzsystemen und der Entwicklung selbstfahrender Autos stehen nicht nur die Verha?ltnisse menschlicher und nicht-menschlicher Verkehrsteilnehmender in Frage. Nicht nur die ethischen und juristischen Grundlagen des Straßenverkehrs, sondern auch die basalen Bedingungen des Umgangs miteinander mu?ssen neu verhandelt werden. Die Beitra?ger*innen des Bandes analysieren aus medien- und kulturwissenschaftlicher Perspektive die Transformationen der Mobilita?t, die Verkehrswende und das vielfach aufgeladene Objekt Auto. 606 $aMobilita?t; Auto; Verkehrswende; Automatisierung; Fahrassistent; Verkehrsteilnehmer; Straßenverkehr; Netzwerk; Transformation; Infrastruktur; Fortbewegung; Big Data; Sensor; Navigation; Technik; Medien; Digitale Medien; Techniksoziologie; Mediensoziologie; Medientheorie; Medienwissenschaft; Mobility; Car; Transformation of Transport; Automation; Driving Assistent; Road User; Road Traffic; Network; Infrastructure; Movement; Technology; Media; Digital Media; Sociology of Technology; Sociology of Media; Media Theory; Media Studies; 610 $aAutomation. 610 $aBig Data. 610 $aCar. 610 $aDigital Media. 610 $aDriving Assistent. 610 $aInfrastructure. 610 $aMedia Studies. 610 $aMedia Theory. 610 $aMedia. 610 $aMovement. 610 $aNavigation. 610 $aNetwork. 610 $aRoad Traffic. 610 $aRoad User. 610 $aSensor. 610 $aSociology of Media. 610 $aSociology of Technology. 610 $aTechnology. 610 $aTransformation of Transport. 610 $aTransformation. 615 4$aMobilita?t; Auto; Verkehrswende; Automatisierung; Fahrassistent; Verkehrsteilnehmer; Straßenverkehr; Netzwerk; Transformation; Infrastruktur; Fortbewegung; Big Data; Sensor; Navigation; Technik; Medien; Digitale Medien; Techniksoziologie; Mediensoziologie; Medientheorie; Medienwissenschaft; Mobility; Car; Transformation of Transport; Automation; Driving Assistent; Road User; Road Traffic; Network; Infrastructure; Movement; Technology; Media; Digital Media; Sociology of Technology; Sociology of Media; Media Theory; Media Studies; 676 $a629.2 702 $aSprenger$b Florian$pRuhr-Universita?t Bochum, Deutschland$4edt 712 02$aBMBF Fördervorhaben 16TOA002$4fnd$4http://id.loc.gov/vocabulary/relators/fnd 801 0$btranscript Verlag 801 1$btranscript Verlag 906 $aBOOK 912 $a996445850803316 996 $aAutonome Autos$92425160 997 $aUNISA